[Event "4NCL Online Division 4"]
[Site "online"]
[Date "2020.04.07"]
[Round "1.31"]
[White "George, Ian M"]
[Black "Hill, Jonathan S"]
[Result "0-1"]
[WhiteElo "1922"]
[BlackElo "1975"]
[PlyCount "72"]
[EventDate "2020.04.07"]
[WhiteTeam "Camborne & Redruth"]
[BlackTeam "Urmston"]

1. e4 c5 2. Nf3 g6 3. c3 d5 4. exd5 Qxd5 5. Bb5+ Bd7 6. Bxd7+ Qxd7 7. d4 cxd4
8. Qxd4 Qxd4 9. Nxd4 a6 10. O-O Nf6 11. Re1 Nbd7 12. Bg5 h6 13. Bh4 e6 14. Nd2
Be7 15. Rad1 g5 16. Bg3 Rc8 17. f3 O-O 18. N4b3 Rfd8 19. Kf1 Nc5 20. Nxc5 Bxc5
21. Nb3 Bb6 22. Bf2 Bxf2 23. Kxf2 Nd5 24. Rd4 Nb6 25. Red1 Rxd4 26. Rxd4 Nc4
27. Ke2 Nxb2 28. Rb4 b5 29. Nd2 Na4 30. c4 Nc3+ 31. Kd3 Nxa2 32. Rb2 Nc1+ 33.
Kd4 Ne2+ 34. Ke3 Nc3 35. Rb3 Nd1+ 36. Kd4 Rd8+ 0-1

[Event "4NCL Online Division 4"]
[Site "online"]
[Date "2020.04.07"]
[Round "1.32"]
[White "Whalley, Mark E"]
[Black "Morgan, Jamie"]
[Result "0-1"]
[WhiteElo "1712"]
[BlackElo "1877"]
[PlyCount "50"]
[EventDate "2020.04.07"]
[WhiteTeam "Urmston"]
[BlackTeam "Camborne & Redruth"]

1. d4 Nf6 2. Bf4 c5 3. e3 Qb6 4. Na3 d6 5. Nc4 Qc7 6. Bd3 g6 7. c3 Bg7 8. h3
O-O 9. Nf3 b5 10. Ncd2 Bd7 11. e4 Nh5 12. Bh2 e5 13. dxe5 dxe5 14. O-O c4 15.
Bc2 Na6 16. Re1 Rad8 17. a3 Nc5 18. Qe2 Ne6 19. g3 Nc5 20. Kg2 Bc6 21. b3 Nd3
22. Red1 f5 23. bxc4 bxc4 24. Ng5 fxe4 25. Ngxe4 Rxf2+ 0-1

[Event "4NCL Online Division 4"]
[Site "online"]
[Date "2020.04.07"]
[Round "1.33"]
[White "Smith, Richard AL"]
[Black "Randall, Grant"]
[Result "1-0"]
[WhiteElo "1787"]
[BlackElo "1540"]
[PlyCount "69"]
[EventDate "2020.04.07"]
[WhiteTeam "Camborne & Redruth"]
[BlackTeam "Urmston"]

1. e4 e5 2. f4 Bc5 3. Nf3 d6 4. c3 Nf6 5. d4 exd4 6. cxd4 Bb4+ 7. Bd2 Bxd2+ 8.
Nbxd2 O-O 9. Bd3 Nc6 10. O-O Bg4 11. h3 Bd7 12. e5 dxe5 13. fxe5 Nd5 14. Be4
Ne3 15. Qe2 Nxf1 16. Rxf1 Be6 17. Qe3 h6 18. Bb1 Ne7 19. Qe4 Bf5 20. Qe1 Bxb1
21. Qxb1 Nd5 22. Ne4 b6 23. g3 Qd7 24. Kh2 Rad8 25. Qc1 Rfe8 26. Nh4 Ne7 27.
Qf4 Nd5 28. Qf3 Qe6 29. Nf5 Ne7 30. Nf6+ Kh8 31. Nxe8 Rxe8 32. Ne3 Rd8 33. Qxf7
Qxf7 34. Rxf7 Kg8 35. Rxe7 1-0

[Event "4NCL Online Division 4"]
[Site "online"]
[Date "2020.04.07"]
[Round "1.34"]
[White "Hynes, Thomas F"]
[Black "Oates, Thomas"]
[Result "1-0"]
[WhiteElo "1337"]
[BlackElo "1645"]
[PlyCount "121"]
[EventDate "2020.04.07"]
[WhiteTeam "Urmston"]
[BlackTeam "Camborne & Redruth"]

1. e4 c5 2. Nf3 d6 3. Bb5+ Nd7 4. d4 cxd4 5. Qxd4 Ngf6 6. Nc3 a6 7. Bxd7+ Qxd7
8. Bg5 Qd8 9. O-O-O e6 10. e5 h6 11. exf6 e5 12. Nxe5 hxg5 13. Nxf7 Kxf7 14.
fxg7 Bxg7 15. Qd5+ Be6 16. Qxb7+ Qe7 17. Qf3+ Bf6 18. Ne4 d5 19. Nxg5+ Kg7 20.
Nxe6+ Qxe6 21. Qxd5 Qb6 22. Qd7+ Kf8 23. Qd6+ Qxd6 24. Rxd6 Ke7 25. Rd3 Rab8
26. c3 Bg5+ 27. Kb1 Rb7 28. g3 Bf6 29. h4 Rc8 30. Re1+ Kf7 31. Kc2 Rcb8 32. b3
Rc8 33. c4 a5 34. Red1 Ke7 35. a4 Rc5 36. Rd5 Rbc7 37. h5 Bg5 38. g4 Kf7 39. f4
Bxf4 40. Rxc5 Rxc5 41. Rf1 Kf6 42. Rxf4+ Kg5 43. Rf5+ Rxf5 44. gxf5 Kxf5 45. c5
Ke5 46. c6 Kd6 47. c7 Kxc7 48. h6 Kb6 49. h7 Kc6 50. h8=Q Kc5 51. Kc3 Kb6 52.
Qd8+ Kc6 53. Kc4 Kb7 54. Qd6 Ka7 55. Kc5 Kb7 56. Qd7+ Ka6 57. Qd6+ Kb7 58. Kb5
Ka8 59. Qd7 Kb8 60. Kb6 Ka8 61. Qb7# 1-0

[Event "4NCL Online Division 4"]
[Site "online"]
[Date "2020.04.07"]
[Round "1.41"]
[White "Orpwood, Steven"]
[Black "Koroglou, Viktor"]
[Result "0-1"]
[WhiteElo "1742"]
[BlackElo "2028"]
[PlyCount "88"]
[EventDate "2020.04.07"]
[WhiteTeam "Catford Cosmonauts 3"]
[BlackTeam "Bon Accord B"]

1. e4 e6 2. d4 d5 3. exd5 exd5 4. Bf4 Nc6 5. Nf3 Bg4 6. Be2 Nf6 7. O-O Bd6 8.
Bxd6 Qxd6 9. c3 O-O 10. Nbd2 Rfe8 11. h3 Bh5 12. Re1 Ne4 13. Nh2 Nxf2 14. Kxf2
Bxe2 15. Rxe2 Qxh2 16. Rxe8+ Rxe8 17. Qf3 Qd6 18. Re1 Rxe1 19. Kxe1 Ne7 20. Nb3
b6 21. Nc1 c5 22. Qf2 Qh6 23. Kd1 c4 24. Qe2 Qe6 25. a3 Nf5 26. Qf2 g6 27. Qf4
Qd6 28. Qf3 Kg7 29. Ne2 Qe6 30. Nf4 Qe4 31. Nxd5 Qxd5 32. Qxd5 Ne3+ 33. Ke2
Nxd5 34. Kf3 f5 35. g4 Kf6 36. h4 fxg4+ 37. Kxg4 h5+ 38. Kf3 Kf5 39. a4 a5 40.
Kg3 g5 41. hxg5 Kxg5 42. Kf3 h4 43. Ke4 Nf6+ 44. Ke5 h3 0-1

[Event "4NCL Online Division 4"]
[Site "online"]
[Date "2020.04.07"]
[Round "1.42"]
[White "Jennings, Richard"]
[Black "Oyvat, Cem"]
[Result "1/2-1/2"]
[WhiteElo "1872"]
[BlackElo "1667"]
[PlyCount "160"]
[EventDate "2020.04.07"]
[WhiteTeam "Bon Accord B"]
[BlackTeam "Catford Cosmonauts 3"]

1. d4 d5 2. Nf3 Nf6 3. c4 c6 4. cxd5 cxd5 5. Nc3 Nc6 6. Bf4 a6 7. e3 Bf5 8. Nh4
Bg6 9. Nxg6 hxg6 10. Bd3 e6 11. Rc1 Bd6 12. Bxd6 Qxd6 13. h3 O-O 14. O-O b5 15.
Ne2 Rac8 16. a4 Nb4 17. axb5 Rxc1 18. Nxc1 Nxd3 19. Nxd3 axb5 20. Qb3 Qb6 21.
Rc1 Ne4 22. Qb4 Ra8 23. Nc5 Nxc5 24. Rxc5 g5 25. Qxb5 Ra1+ 26. Kh2 Qd6+ 27. g3
Qe7 28. Qb8+ Kh7 29. Qe5 Rb1 30. Rc7 Qe8 31. Qxg5 Rxb2 32. Kg2 Rb8 33. Re7 Qf8
34. Rd7 Re8 35. h4 f6 36. Qh5+ Kg8 37. Qg6 Re7 38. Rd6 Qb8 39. Rc6 Qb7 40. Qc2
Qb5 41. h5 f5 42. Rc8+ Re8 43. Rc7 Qb6 44. g4 Qd6 45. Rc6 Qf8 46. g5 f4 47. Qg6
fxe3 48. fxe3 Ra8 49. Qxe6+ Kh8 50. Qxd5 Rb8 51. Rc2 Rb1 52. Rf2 Qc8 53. Qf3
Qc1 54. Qf8+ Kh7 55. g6+ Kh6 56. Qh8+ Kg5 57. Qd8+ Kh6 58. Qh4 Qxe3 59. Qg4 Qc1
60. Qf4+ Qxf4 61. Rxf4 Kxh5 62. Kf3 Kxg6 63. Ke4 Kg5 64. Rf5+ Kg4 65. Rf8 Re1+
66. Kd5 g5 67. Kd6 Kh3 68. d5 g4 69. Kd7 g3 70. Rh8+ Kg2 71. d6 Rd1 72. Ke7 Kg1
73. d7 g2 74. d8=Q Rxd8 75. Rxd8 Kf2 76. Rf8+ Ke2 77. Rg8 Kf2 78. Rf8+ Ke2 79.
Rg8 Kf2 80. Rxg2+ Kxg2 1/2-1/2

[Event "4NCL Online Division 4"]
[Site "online"]
[Date "2020.04.07"]
[Round "1.43"]
[White "Foreman, Anthony"]
[Black "Vasiliadis, Theodoros"]
[Result "1/2-1/2"]
[WhiteElo "1532"]
[BlackElo "1820"]
[PlyCount "124"]
[EventDate "2020.04.07"]
[WhiteTeam "Catford Cosmonauts 3"]
[BlackTeam "Bon Accord B"]

1. Nf3 Nf6 2. Nc3 g6 3. d4 Bg7 4. e4 d6 5. Bd3 O-O 6. O-O c5 7. dxc5 dxc5 8. e5
Ne8 9. Bf4 Nc6 10. Bb5 Nc7 11. Bxc6 bxc6 12. h3 Ne6 13. Qc1 Qb6 14. Bh6 Rb8 15.
Rb1 Ba6 16. Rd1 Rfd8 17. Bxg7 Kxg7 18. Nh2 h5 19. Nf3 Bc4 20. b3 Bd5 21. Ng5
Qb4 22. Nxd5 cxd5 23. Nxe6+ fxe6 24. Qg5 Rd7 25. Rd3 Qe4 26. Rg3 Qf5 27. Qe3 d4
28. Qd2 Rf8 29. Re1 Qf4 30. Qe2 Rf5 31. Rf3 Qg5 32. Rg3 Qh4 33. Qe4 Qf4 34. Qe2
Rd5 35. Rf3 Qxe5 36. Rxf5 Qxe2 37. Rxe2 gxf5 38. Rxe6 Kf7 39. Ra6 Rd7 40. Rc6
Rd5 41. Ra6 Rd7 42. Rh6 e5 43. Rxh5 Ke6 44. Kf1 c4 45. Ke2 e4 46. bxc4 Rc7 47.
Rh6+ Ke5 48. Ra6 Rxc4 49. Kd2 Rc7 50. g3 Rb7 51. Ra5+ Ke6 52. h4 Rb1 53. Rxa7
Rf1 54. Ke2 Rc1 55. Rc7 Ra1 56. Rc6+ Kd5 57. Ra6 Rc1 58. Kd2 Rf1 59. Ra5+ Ke6
60. Ra6+ Kd5 61. Ra5+ Ke6 62. Ra6+ Kd5 1/2-1/2

[Event "4NCL Online Division 4"]
[Site "online"]
[Date "2020.04.07"]
[Round "1.44"]
[White "Brennan, J Ross"]
[Black "Marchettini, Cristiano"]
[Result "1-0"]
[WhiteElo "1706"]
[BlackElo "1382"]
[PlyCount "105"]
[EventDate "2020.04.07"]
[WhiteTeam "Bon Accord B"]
[BlackTeam "Catford Cosmonauts 3"]

1. Nf3 d5 2. d4 Nf6 3. Bg5 Ne4 4. Bf4 c5 5. e3 Nc6 6. c3 Bg4 7. Be2 e6 8. Nbd2
Nxd2 9. Qxd2 Be7 10. O-O O-O 11. h3 Bxf3 12. Bxf3 c4 13. e4 dxe4 14. Bxe4 Bd6
15. Rad1 Bxf4 16. Qxf4 Qb6 17. Rd2 Rad8 18. Rfd1 Rfe8 19. d5 exd5 20. Bxd5 Ne5
21. Bxc4 Rxd2 22. Rxd2 Nxc4 23. Qxc4 h6 24. Qd4 Qxd4 25. cxd4 Kf8 26. Kf1 Ke7
27. Re2+ Kd7 28. Rxe8 Kxe8 29. Ke2 Kd7 30. Kd3 Kd6 31. Ke4 Ke6 32. g4 g5 33. f4
gxf4 34. Kxf4 Kd5 35. Ke3 b6 36. Kd3 a6 37. b4 a5 38. bxa5 bxa5 39. a4 f6 40.
h4 Kd6 41. Ke4 Ke6 42. d5+ Kd6 43. Kd4 Kd7 44. Kc5 Kc7 45. d6+ Kd7 46. Kd5 Kd8
47. Ke6 Ke8 48. Kxf6 Kd7 49. Ke5 Kd8 50. Ke6 Ke8 51. g5 hxg5 52. hxg5 Kf8 53.
d7 1-0

[Event "4NCL Online Division 4"]
[Site "online"]
[Date "2020.04.07"]
[Round "1.51"]
[White "Spiller, Paul"]
[Black "Dean, Robert A"]
[Result "1-0"]
[WhiteElo "1900"]
[BlackElo "1744"]
[PlyCount "71"]
[EventDate "2020.04.07"]
[WhiteTeam "Clevedon"]
[BlackTeam "Bradford DCA Knights B"]

1. e4 e6 2. Nf3 d5 3. e5 c5 4. b4 cxb4 5. a3 Nc6 6. axb4 Bxb4 7. c3 Be7 8. d4
f5 9. exf6 Nxf6 10. Bd3 O-O 11. O-O Bd7 12. Qe2 Qc7 13. Nbd2 b6 14. Ne5 Nxe5
15. dxe5 Ne4 16. Nxe4 dxe4 17. Bxe4 Rad8 18. Qd3 g6 19. Bh6 Be8 20. Qh3 Rf7 21.
Qxe6 Qd7 22. Qa2 Qg4 23. Bd5 Qh5 24. Bxf7+ Bxf7 25. e6 Be8 26. Qxa7 Qxh6 27.
Qxe7 Rc8 28. Qb7 Rd8 29. Qxb6 Qg5 30. Ra5 Qe7 31. Ra7 Qg5 32. Qc7 Qf6 33. Qxh7+
Kf8 34. e7+ Qxe7 35. Qxe7+ Kg8 36. Qg7# 1-0

[Event "4NCL Online Division 4"]
[Site "online"]
[Date "2020.04.07"]
[Round "1.52"]
[White "Ibbitson, Anthony"]
[Black "Bellingham, Andy"]
[Result "1-0"]
[WhiteElo "1735"]
[BlackElo "1885"]
[PlyCount "37"]
[EventDate "2020.04.07"]
[WhiteTeam "Bradford DCA Knights B"]
[BlackTeam "Clevedon"]

1. e4 e5 2. Nf3 Nc6 3. d4 exd4 4. Nxd4 Bc5 5. Nxc6 bxc6 6. Bd3 d6 7. O-O Ne7 8.
Nc3 O-O 9. Bg5 Qe8 10. Kh1 f6 11. Bh4 Ng6 12. Bg3 Ne5 13. f3 Nxd3 14. Qxd3 a5
15. Qd2 Ba6 16. Rfe1 Bb4 17. a3 Bxc3 18. Qxc3 Bb7 19. Qb3+ 1-0

[Event "4NCL Online Division 4"]
[Site "online"]
[Date "2020.04.07"]
[Round "1.53"]
[White "Peters, David"]
[Black "Gallagher, Dominic"]
[Result "1-0"]
[WhiteElo "1795"]
[BlackElo "1570"]
[PlyCount "89"]
[EventDate "2020.04.07"]
[WhiteTeam "Clevedon"]
[BlackTeam "Bradford DCA Knights B"]

1. e4 e5 2. Nf3 Nc6 3. Bb5 a6 4. Ba4 Nf6 5. O-O Be7 6. Re1 b5 7. Bb3 d6 8. c3
O-O 9. d3 Re8 10. Nbd2 Bf8 11. Nf1 Ne7 12. Ng5 d5 13. exd5 Nexd5 14. Ne3 Be6
15. Nxe6 fxe6 16. Ng4 Bd6 17. Nxe5 Bxe5 18. Rxe5 Qd6 19. Re1 Nf4 20. Bxf4 Qxf4
21. Rxe6 Rxe6 22. Bxe6+ Kh8 23. g3 Qe5 24. Bh3 Re8 25. Qd2 c5 26. Bg2 a5 27.
Kf1 b4 28. Re1 Qxe1+ 29. Qxe1 Rxe1+ 30. Kxe1 Ng4 31. h3 Ne5 32. Kd2 Kg8 33. f4
Nd7 34. a3 Kf8 35. axb4 axb4 36. cxb4 cxb4 37. d4 Ke7 38. Kd3 Nb6 39. b3 Kd6
40. g4 Nd5 41. Bxd5 Kxd5 42. h4 g6 43. h5 gxh5 44. gxh5 h6 45. f5 1-0

[Event "4NCL Online Division 4"]
[Site "online"]
[Date "2020.04.07"]
[Round "1.54"]
[White "Waite, Nicholas"]
[Black "Chindelevitch, Leonid"]
[Result "0-1"]
[WhiteElo "1412"]
[BlackElo "1810"]
[PlyCount "80"]
[EventDate "2020.04.07"]
[WhiteTeam "Bradford DCA Knights B"]
[BlackTeam "Clevedon"]

1. d4 f5 2. Nc3 Nf6 3. Nf3 g6 4. Bf4 Bg7 5. Qd2 O-O 6. Bh6 Ne4 7. Nxe4 fxe4 8.
Bxg7 Kxg7 9. Ng5 d5 10. f3 h6 11. Nh3 Bxh3 12. gxh3 exf3 13. exf3 Rxf3 14.
O-O-O Nc6 15. a3 Qd6 16. Rg1 Raf8 17. Bd3 R8f6 18. Kb1 Qf4 19. Qxf4 R3xf4 20.
Rde1 Rxd4 21. Bb5 Re4 22. Rd1 d4 23. c3 e5 24. Bd3 Re3 25. Bb5 dxc3 26. Bc4 Nd4
27. bxc3 Rxc3 28. Bd3 Rb6+ 29. Ka2 Nc2 30. Bxc2 Rxc2+ 31. Ka1 Rbb2 32. Rd7+ Kf6
33. Rf1+ Ke6 34. Rff7 Rxh2 35. Rde7+ Kd5 36. Rxc7 Ra2+ 37. Kb1 Rxa3 38. Rxb7
Rhxh3 39. Rb5+ Kc4 40. Rfb7 Rab3+ 0-1

[Event "4NCL Online Division 4"]
[Site "online"]
[Date "2020.04.07"]
[Round "1.61"]
[White "Retallick, Lloyd"]
[Black "Hooker, Steve"]
[Result "0-1"]
[WhiteElo "2065"]
[BlackElo "1990"]
[PlyCount "94"]
[EventDate "2020.04.07"]
[WhiteTeam "East Cornwall Killers"]
[BlackTeam "Dorking"]

1. c4 g6 2. g3 Bg7 3. Bg2 f5 4. d4 Nf6 5. Nf3 O-O 6. O-O c6 7. d5 d6 8. Nc3 e5
9. Bg5 c5 10. e4 h6 11. Bc1 Nxe4 12. Nxe4 fxe4 13. Nh4 Bf5 14. Qe2 Nd7 15. Bxe4
Qf6 16. Bd2 Bxe4 17. Qxe4 g5 18. Ng2 Qf5 19. Rae1 Qf7 20. Qe2 Nf6 21. Ne3 Qg6
22. g4 h5 23. f3 Kf7 24. Nf5 Rad8 25. f4 gxf4 26. Bxf4 Nxg4 27. Bg3 Ke8 28. Qc2
Kd7 29. Qa4+ Kc7 30. Ne7 Qg5 31. Qa5+ Kb8 32. Rxf8 Rxf8 33. Nc6+ bxc6 34. dxc6
Qe7 35. b4 Qc7 36. Qa4 Rc8 37. Rb1 Qxc6 38. bxc5+ Ka8 39. Rb5 dxc5 40. Qc2 Ne3
41. Qe2 Bh6 42. Bxe5 Rf8 43. Bg3 a6 44. Rb1 Qe4 45. Qb2 h4 46. Bd6 Rg8+ 47. Kf2
Rg2+ 0-1

[Event "4NCL Online Division 4"]
[Site "online"]
[Date "2020.04.07"]
[Round "1.62"]
[White "Herman, Thomas"]
[Black "Trudeau, Gary"]
[Result "1-0"]
[WhiteElo "1802"]
[BlackElo "1870"]
[PlyCount "63"]
[EventDate "2020.04.07"]
[WhiteTeam "Dorking"]
[BlackTeam "East Cornwall Killers"]

1. e4 Nc6 2. d4 e5 3. d5 Nce7 4. Nf3 Ng6 5. h4 h5 6. Nc3 Bb4 7. Bg5 f6 8. Bd2
d6 9. Bb5+ Bd7 10. Qe2 a6 11. Bxd7+ Qxd7 12. g3 N8e7 13. O-O-O O-O-O 14. Ne1
Kb8 15. Nd3 Ba5 16. Kb1 Nc8 17. Rhe1 Bxc3 18. Bxc3 Qb5 19. b3 Nb6 20. Bb2 Qd7
21. Rc1 c6 22. dxc6 Qxc6 23. Red1 d5 24. Nb4 Qc5 25. Nxd5 Nxd5 26. exd5 Rxd5
27. Rxd5 Qxd5 28. Rd1 Qe6 29. Ba3 Qc6 30. Rd6 Qh1+ 31. Kb2 Ne7 32. Rd1 1-0

[Event "4NCL Online Division 4"]
[Site "online"]
[Date "2020.04.07"]
[Round "1.63"]
[White "Kirkman, Nigel J"]
[Black "Collins, Anthony S"]
[Result "0-1"]
[WhiteElo "1795"]
[BlackElo "1716"]
[PlyCount "80"]
[EventDate "2020.04.07"]
[WhiteTeam "East Cornwall Killers"]
[BlackTeam "Dorking"]

1. c4 e5 2. g3 f5 3. Bg2 Nf6 4. d3 Bb4+ 5. Bd2 Bxd2+ 6. Nxd2 O-O 7. Nh3 Qe7 8.
O-O Nc6 9. a3 a5 10. e3 a4 11. Re1 d6 12. f4 e4 13. d4 d5 14. c5 Bd7 15. b4
axb3 16. Qxb3 Na5 17. Qc3 Bb5 18. Bf1 Bxf1 19. Rxf1 Ng4 20. Nf2 h5 21. h3 Nh6
22. h4 Rf6 23. Nh3 b6 24. Rfc1 Rc6 25. Qb4 bxc5 26. Rxc5 Rxc5 27. dxc5 Ng4 28.
Qd4 c6 29. Rb1 Qf6 30. Rb6 Qxd4 31. exd4 e3 32. Nf3 Nc4 33. Rxc6 Rxa3 34. Nhg5
Ra1+ 35. Kg2 Ra2+ 36. Kg1 Kf8 37. Re6 e2 38. Nh7+ Kg8 39. Nfg5 Ra1+ 40. Kg2
e1=Q 0-1

[Event "4NCL Online Division 4"]
[Site "online"]
[Date "2020.04.07"]
[Round "1.64"]
[White "Sedgwick, Robert"]
[Black "Hill, Michael"]
[Result "0-1"]
[WhiteElo "1502"]
[BlackElo "1727"]
[PlyCount "116"]
[EventDate "2020.04.07"]
[WhiteTeam "Dorking"]
[BlackTeam "East Cornwall Killers"]

1. e4 c6 2. d4 d5 3. e5 Bf5 4. g4 Bd7 5. f4 e6 6. Nf3 Ne7 7. Be3 h5 8. g5 Nf5
9. Qd2 Nxe3 10. Qxe3 g6 11. a3 Qb6 12. Qb3 Qxb3 13. cxb3 c5 14. Nbd2 Nc6 15.
dxc5 Bxc5 16. Ke2 Ne7 17. a4 Nf5 18. Rc1 Be3 19. Bh3 Bxf4 20. Bxf5 exf5 21. Rc7
Bc6 22. Nd4 O-O 23. Nxc6 bxc6 24. Nf3 Rfc8 25. Rxc8+ Rxc8 26. Rd1 Re8 27. Rd3
Kf8 28. Rc3 Bxe5 29. Nxe5 Rxe5+ 30. Kf3 Re6 31. h4 Ke7 32. b4 Kd7 33. Re3 Re4
34. Rxe4 dxe4+ 35. Ke3 a6 36. Kd4 Kd6 37. b5 cxb5 38. axb5 axb5 39. b4 Kc6 40.
Ke3 Kd5 41. Kd2 Kc4 42. Ke3 Kxb4 43. Kd2 Kb3 44. Kc1 b4 45. Kd1 Kb2 46. Ke1 b3
47. Kd1 Ka2 48. Kc1 b2+ 49. Kc2 b1=Q+ 50. Kc3 Qd1 51. Kc4 Qd3+ 52. Kb4 Qc2 53.
Kb5 Kb1 54. Ka5 Qb3 55. Ka6 Kc2 56. Ka5 Kc3 57. Ka6 Kc4 58. Ka5 Qb5# 0-1

[Event "4NCL Online Division 4"]
[Site "online"]
[Date "2020.04.07"]
[Round "1.71"]
[White "Phillips, William"]
[Black "Boumphrey, Luke S"]
[Result "1-0"]
[WhiteElo "1870"]
[BlackElo "2020"]
[PlyCount "69"]
[EventDate "2020.04.07"]
[WhiteTeam "Hatch End A"]
[BlackTeam "Atticus B"]

1. d4 Nf6 2. Nf3 g6 3. g3 Bg7 4. Bg2 O-O 5. O-O c6 6. b3 d6 7. Bb2 e5 8. dxe5
Ng4 9. e4 Nxe5 10. Nxe5 Bxe5 11. Bxe5 dxe5 12. Qxd8 Rxd8 13. Na3 Be6 14. Rad1
Na6 15. c3 Nc5 16. Rfe1 a5 17. Bf3 Kg7 18. Kf1 a4 19. b4 Nd3 20. Re2 Bh3+ 21.
Kg1 Nf4 22. Red2 Rxd2 23. Rxd2 Ne6 24. Bg2 Ng5 25. f3 Kf8 26. Kf2 Ke7 27. Bxh3
Nxh3+ 28. Ke3 Ng5 29. Nc4 f6 30. Nb6 Ra6 31. Rd7+ Ke6 32. Rxb7 Nf7 33. Nd7 Nd8
34. Nc5+ Kd6 35. Rd7# 1-0

[Event "4NCL Online Division 4"]
[Site "online"]
[Date "2020.04.07"]
[Round "1.72"]
[White "Rothwell, James P"]
[Black "Breed, Greg J"]
[Result "1/2-1/2"]
[WhiteElo "1892"]
[BlackElo "1825"]
[PlyCount "53"]
[EventDate "2020.04.07"]
[WhiteTeam "Atticus B"]
[BlackTeam "Hatch End A"]

1. e4 c5 2. Nf3 Nc6 3. d4 cxd4 4. Nxd4 e5 5. Nb5 a6 6. Nd6+ Bxd6 7. Qxd6 Qf6 8.
Qd1 Nge7 9. Be3 O-O 10. Nc3 Nd4 11. Qd2 d5 12. O-O-O dxe4 13. Bxd4 exd4 14.
Qxd4 Qxd4 15. Rxd4 Bf5 16. Be2 Nc6 17. Rd5 Bg6 18. h4 h6 19. h5 Bh7 20. Rd7 b5
21. Rd6 Ne5 22. b3 Rfc8 23. Nd5 Rd8 24. Rxd8+ Rxd8 25. Rd1 Kf8 26. Ne3 Rxd1+
27. Kxd1 1/2-1/2

[Event "4NCL Online Division 4"]
[Site "online"]
[Date "2020.04.07"]
[Round "1.74"]
[White "Banerjee, Sanjoy K"]
[Black "Pattni, Kishan"]
[Result "0-1"]
[WhiteElo "1720"]
[BlackElo "1757"]
[PlyCount "82"]
[EventDate "2020.04.07"]
[WhiteTeam "Atticus B"]
[BlackTeam "Hatch End A"]

1. e4 e5 2. Nf3 Nc6 3. Bb5 a6 4. Ba4 b5 5. Bb3 Bc5 6. c3 d6 7. h3 h6 8. O-O Nf6
9. d4 exd4 10. cxd4 Ba7 11. Re1 O-O 12. d5 Ne5 13. Nxe5 dxe5 14. Nd2 Bb7 15.
Nf1 c6 16. dxc6 Bxc6 17. Ng3 Qxd1 18. Bxd1 Rad8 19. Bc2 Rd7 20. Nf5 Rfd8 21.
Be3 Bxe3 22. Rxe3 Bb7 23. Rae1 Rd2 24. R3e2 Kh7 25. f3 Nh5 26. Ne3 Ng3 27. Kf2
Rxe2+ 28. Rxe2 Nxe2 29. Kxe2 g6 30. Bb3 f6 31. a3 Kg7 32. Nd5 Bxd5 33. Bxd5 a5
34. b3 b4 35. axb4 axb4 36. g4 g5 37. Kf2 Rc8 38. Kg3 Rc2 39. h4 Kf8 40. hxg5
hxg5 41. Bc4 Rxc4 0-1

[Event "4NCL Online Division 4"]
[Site "online"]
[Date "2020.04.07"]
[Round "1.81"]
[White "Merriman, James"]
[Black "Conterno, Dominique"]
[Result "1/2-1/2"]
[WhiteElo "1997"]
[BlackElo "1907"]
[PlyCount "92"]
[EventDate "2020.04.07"]
[WhiteTeam "Kent KJCA Kestrels C"]
[BlackTeam "Downend 2"]

1. d4 Nf6 2. c4 g6 3. Nc3 Bg7 4. e4 d6 5. Nge2 O-O 6. Ng3 e5 7. d5 a5 8. Be2
Na6 9. h4 Nc5 10. h5 c6 11. Be3 cxd5 12. cxd5 b6 13. Qd2 Ba6 14. hxg6 fxg6 15.
O-O Bxe2 16. Qxe2 Qd7 17. f3 h5 18. Nh1 Rab8 19. Nb5 Kh7 20. Nf2 Bh6 21. Bxh6
Kxh6 22. Rac1 g5 23. Rc2 Ne8 24. Rfc1 Nc7 25. Nxc7 Qxc7 26. Qb5 Rfc8 27. a3 a4
28. Nd3 g4 29. fxg4 hxg4 30. Nxc5 bxc5 31. Qxa4 g3 32. Qa6 Rg8 33. Rxc5 Qe7 34.
Rc7 Qh4 35. Qxd6+ Rg6 36. Qxe5 Qh2+ 37. Kf1 Qh1+ 38. Ke2 Qxg2+ 39. Kd3 Qf3+ 40.
Kc4 Qb3+ 41. Kd4 Qxb2+ 42. R7c3 Qf2+ 43. Kc4 Qe2+ 44. Kd4 Qf2+ 45. Kc4 Qe2+ 46.
Kd4 Qf2+ 1/2-1/2

[Event "4NCL Online Division 4"]
[Site "online"]
[Date "2020.04.07"]
[Round "1.82"]
[White "Williams, Stephen M"]
[Black "Cook, John"]
[Result "0-1"]
[WhiteElo "1892"]
[BlackElo "1815"]
[PlyCount "74"]
[EventDate "2020.04.07"]
[WhiteTeam "Downend 2"]
[BlackTeam "Kent KJCA Kestrels C"]

1. d4 Nf6 2. Nf3 g6 3. Bf4 Bg7 4. Nc3 d6 5. e4 O-O 6. h3 c5 7. d5 a6 8. a4 Qa5
9. Nd2 Nbd7 10. Nc4 Qb4 11. Bd2 Ne5 12. Nb5 Qxc4 13. Bxc4 Nxc4 14. Nc3 Bd7 15.
O-O b5 16. axb5 axb5 17. Rxa8 Rxa8 18. Bc1 b4 19. b3 Nb6 20. Na4 Nxa4 21. bxa4
Rxa4 22. f3 Bb5 23. Re1 Nd7 24. Kh2 Ra1 25. Rh1 Be5+ 26. g3 Ra2 27. Bd2 Ba4 28.
f4 Bd4 29. h4 Bxc2 30. Qg4 Bxe4 31. Rd1 f5 32. Qe2 b3 33. Kh3 b2 34. Qb5 Nf6
35. Ba5 b1=Q 36. Rxb1 Bg2+ 37. Kh2 Ng4# 0-1

[Event "4NCL Online Division 4"]
[Site "online"]
[Date "2020.04.07"]
[Round "1.83"]
[White "Metcalfe, Charlie P"]
[Black "Burroughs, Adam"]
[Result "0-1"]
[WhiteElo "1797"]
[BlackElo "1847"]
[PlyCount "56"]
[EventDate "2020.04.07"]
[WhiteTeam "Kent KJCA Kestrels C"]
[BlackTeam "Downend 2"]

1. d4 d5 2. c4 e6 3. Nc3 Nf6 4. cxd5 exd5 5. Bg5 c6 6. e3 Bd6 7. Qc2 h6 8. Bh4
Bg4 9. Bd3 O-O 10. f3 Be6 11. Nge2 Nbd7 12. e4 dxe4 13. fxe4 Be7 14. O-O c5 15.
d5 Bg4 16. Bg3 Nh5 17. d6 Bf6 18. Bf2 Rc8 19. Qa4 Ne5 20. Bc2 Qxd6 21. Rad1 Qb8
22. h3 b5 23. Qa5 Bd8 24. Rxd8 Rfxd8 25. hxg4 Nxg4 26. g3 Rd2 27. Bd1 Nxf2 28.
Kxf2 Qxg3# 0-1

[Event "4NCL Online Division 4"]
[Site "online"]
[Date "2020.04.07"]
[Round "1.84"]
[White "Benkhoucha, Samy"]
[Black "Verma, Shlok"]
[Result "0-1"]
[WhiteElo "1427"]
[BlackElo "1722"]
[PlyCount "60"]
[EventDate "2020.04.07"]
[WhiteTeam "Downend 2"]
[BlackTeam "Kent KJCA Kestrels C"]

1. e4 e6 2. Nf3 d5 3. Nc3 dxe4 4. Nxe4 Bd7 5. d4 Bc6 6. Bd3 Nd7 7. Bf4 Ngf6 8.
Qe2 Be7 9. Neg5 Bxf3 10. Nxf3 O-O 11. O-O c5 12. c3 cxd4 13. Nxd4 Nc5 14. Bc2
h6 15. Rad1 Nd5 16. Bg3 Qb6 17. Rfe1 Rad8 18. Nb3 Nd7 19. Nc1 N7f6 20. Nd3 Qa6
21. a4 Rc8 22. Ne5 Qxe2 23. Rxe2 Nh5 24. Nd7 Nxg3 25. hxg3 Rfe8 26. Be4 Rcd8
27. Ne5 Nxc3 28. Rxd8 Nxe2+ 29. Kf1 Nxg3+ 30. fxg3 Rxd8 0-1

[Event "4NCL Online Division 4"]
[Site "online"]
[Date "2020.04.07"]
[Round "1.91"]
[White "McCarthy, Maurice"]
[Black "Morgan, Philip D"]
[Result "1/2-1/2"]
[WhiteElo "1978"]
[BlackElo "1802"]
[PlyCount "119"]
[EventDate "2020.04.07"]
[WhiteTeam "Morriston Alekhine"]
[BlackTeam "Ashfield Anonymous B"]

1. c4 c5 2. Nf3 Nf6 3. Nc3 d5 4. cxd5 Nxd5 5. g3 Nc7 6. Bg2 Nc6 7. O-O e5 8. d3
Be7 9. Be3 O-O 10. Na4 Ne6 11. Rc1 Qa5 12. a3 f6 13. Nxc5 Bxc5 14. b4 Qd8 15.
bxc5 Ned4 16. Nxd4 Nxd4 17. Bxd4 Qxd4 18. Bxb7 Bxb7 19. c6 Ba6 20. Qb3+ Kh8 21.
c7 Qb6 22. Qd5 Rac8 23. Qd7 Bb5 24. Qe7 Rfe8 25. Qf7 Qd6 26. Qb3 Bc6 27. Rc3
Qxc7 28. Rfc1 Qd7 29. Qc2 Bb7 30. Rc7 Rxc7 31. Qxc7 Qxc7 32. Rxc7 Rb8 33. f4
exf4 34. gxf4 h6 35. Kf2 a5 36. e4 Ba6 37. d4 Rb3 38. d5 Rxa3 39. d6 Bb5 40. d7
Bxd7 41. Rxd7 Kh7 42. f5 h5 43. e5 fxe5 44. f6 Kg8 45. Rxg7+ Kf8 46. Rg5 e4 47.
Rxh5 Rf3+ 48. Ke2 a4 49. Re5 Rxf6 50. Rxe4 Ra6 51. Rf4+ Kg7 52. Kd3 a3 53. Rf1
Rh6 54. Kc3 Rxh2 55. Kb3 Rh3+ 56. Ka4 a2 57. Ra1 Rh2 58. Ka3 Kf6 59. Rxa2 Rxa2+
60. Kxa2 1/2-1/2